00546nam a22001817a 4500003000400000008004100004082001700045100002700062245011600089260006800205300001000273502001700283650001700300650001300317650001200330650001100342650001100353OSt260430b |||||||| |||| 00| 0 eng d a634.44bY-1E aYadav, Girija Shankar. aEvaluation of Some Mango Varieties for Yield Potential and Fruit Quality Attributes / cby Girija Shankar Yadav a.- Sabour, Bhagalpurb: Bihar Agricultural College, RAUc, 2006 a116p. bPh. D.d2006 aHorticulture aPomology aMangoes aThesis aPh. D.